000
00302nam a22001337a 4500
003
SGT
020
_a
978-81-7446-556-1
082
_a
332 GUL
100
_a
GULATI,NEELAM C
245
_a
PRINCIPLES OF INSURANCE MANAGEMENT
260
_a
NEW DELHI
_b
EXCEL BOOK
_c
2010
300
_a
342
942
_2
ddc
_c
FCM
999
_c
10560
_d
10560